000 01341cam a2200349 a 4500
999 _c7229
_d7229
001 1524598
003 OSt
005 20210910150734.0
008 901204s1991 enka b 001 0 eng c
010 _a 90014354
020 _a019963226X (hardback) :
_c£30.00 (est.) ($45.00)
020 _a0199631964 (pbk.) :
_c£18.50 (est.) ($27.25)
040 _aDNLM/DLC
_cDDC
_dDLC
050 0 0 _aQP606.D46
_bP66 1991
060 _aQH 450 P7833
082 0 0 _a574.87POL1991
100 _aMcPherson M.J.; Quirke P. and Taylor G.R.
_914856
245 0 0 _aPCR, a practical approach
_cEdited by McPherson M.J.; Quirke P. and Taylor G.R.
260 _aOxford ;
_aNew York :
_bIRL Press at Oxford University Press,
_cc1991.
300 _axxi,253p;
_bill. ;
_c25 cm.
440 4 _aThe Practical approach series
_94610
504 _aIncludes; references and index.
650 0 _aBiology
_95602
700 1 _aMcPherson, M. J.
_914859
700 1 _aTaylor, G. R.
_q(Graham R.)
_914861
700 1 _aQuirke, P.
_q(Philip)
_914862
856 4 2 _3Publisher description
_uhttp://www.loc.gov/catdir/enhancements/fy0603/90014354-d.html
856 4 1 _3Table of contents only
_uhttp://www.loc.gov/catdir/enhancements/fy0603/90014354-t.html
906 _a7
_bcbc
_corignew
_d1
_eocip
_f19
_gy-gencatlg
942 _2ddc
_cO_SHELF